| 000 | 00634nam a2200205 i 4500 | ||
|---|---|---|---|
| 001 | 115328 | ||
| 003 | ES-MaACL | ||
| 005 | 20251114102641.0 | ||
| 007 | t| | ||
| 008 | 070305s1900 sp ||||1| spa d | ||
| 100 | 1 |
_aBonafoux, Luis. _930066 |
|
| 245 | 1 | 0 |
_aRisas y lágrimas / _cLuis Bonafoux ; ilustraciones de Torres García. |
| 260 |
_aMadrid : _bB. Rodríguez Serra, _c1900. |
||
| 300 |
_a94 p. : _bil. ; _c13 cm. |
||
| 490 | 1 |
_aBiblioteca Mignon ; _v7 |
|
| 700 | 1 |
_aTorres-García, Joaquín, _d1874-1949 _9152454 |
|
| 830 | 0 |
_aBiblioteca Mignon ; _v7 _9186216 |
|
| 852 |
_aES-MaACL _jF-1197(1) |
||
| 999 |
_c115328 _d115328 |
||